| 000 | 00445nam a22001937a 4500 | ||
|---|---|---|---|
| 003 | CEME | ||
| 005 | 20210628203326.0 | ||
| 008 | 210126b xxu||||| |||| 00| 0 eng d | ||
| 020 | _a97818439860773 | ||
| 040 | _c. | ||
| 082 | _a658.3 TAY | ||
| 100 |
_aTaylor, Stephen _964725 |
||
| 245 | _aPeople resourcing | ||
| 250 | _a3RD | ||
| 260 |
_aLONDON _bPDF _c2004 |
||
| 300 | _a486P | ||
| 650 |
_aPEOPLE RESOURCING. _964726 |
||
| 942 |
_cBK _2ddc |
||
| 999 |
_c573136 _d573136 |
||